| 000 | 00823nam a22002897a 4500 | ||
|---|---|---|---|
| 001 | 7481 | ||
| 003 | FISKH | ||
| 005 | 20250718153020.0 | ||
| 008 | 250718b cb ||||| |||| 00| 0 eng d | ||
| 020 | _a9780328018147 | ||
| 040 |
_aFISKH _beng _cFISKH _dFISKH |
||
| 050 | _aPE1119 | ||
| 082 | _a420 | ||
| 100 | _aAfflerbach, Peter | ||
| 245 |
_aReading : _bSuprise me ! / _cBy Scott Foresman |
||
| 260 |
_aNew York : _bPearson Education, Inc . , _c2002. |
||
| 300 |
_a208 pages : _bcolor illustrations ; _c29 cm . |
||
| 490 |
_aScott Foresman Reading _v1.6 |
||
| 505 | _aM | ||
| 521 | 8 |
_a530
_bLexile estimate |
|
| 521 | 8 |
_aM
_bRaz-Plus |
|
| 650 |
_aReference _vNon-fiction |
||
| 650 |
_aReading _vNon-fiction |
||
| 700 |
_aBeers, James _eIllustrator |
||
| 942 |
_2ddc _cBK _n0 |
||
| 999 |
_c7481 _d7481 |
||